1110 1864 1942 1510 1726 1902 1990 1775 1992 1565 1991 1669 1069 1298 1582 1687 1331 1791 1638 1564 1822 1330 1550 1072 1961 1612 1771 1386 1508 1440 1724 1783 1678 1327 1875 1680 1356 1508 1115 1446 1217 1027 1340 1829 1098 1939 1395 1877 1294 1388 1093 1865 1078 1355 1954 1270 1860 1158 1711 1046 1255 1631 1706 1724 1710 1168 1179 1252 1406 1451 1408 1530 1017 1466 1676 1537 1498 1582 1674 1202 1417 1186 1403 1854 1046 1169 1026 1721 1388 1773 1700 1995 1478 1401 1881 1536 1975 1895 1161 BCNSPRNW ULIB Ver.6.0+V

เปลี่ยนเป็นภาษาไทย

Change to English
 แสดงรายละเอียดบรรณานุกรม
  กลับหน้าหลัก

Brief Record : Get Marc (ISO 2709) : E-mail record : QR code < ปิดหน้าต่าง
LEADER : 00000nam 2200000uu 4500
001    13399125173
003     ULIB
008    161027s2549||||th 000 0 tha d
020    9742964858
099    ^aวจ.WM172^bก318ร
245 00 ^aรายงานการวิจัยเชิงคุณภาพ เรื่องการศึกษาลักษณะของปัจจัยทางจิตสังคมในผู้ป่วยโรคซึมเศร้าโดยใช้กระบวนการตรวจวินิจฉัยทางจิตวิทยาคลินิก
260    ^aนครสวรรค์:^bกลุ่มงานจิตวิทยา โรงพยาบาลจิตเวชนครสวรรค์ราชนครินทร์ ,^c2549
300    ^a44 หน้า
710 1  ู^bกลุ่มงานจิตวิทยา โรงพยาบาลจิตเวชนครสวรรค์ราชนครินทร์
945    ^p0^l0^i001421
945    ^p0^l0^i001422
999    ^aวรรณษา ชูชัยมงคล
รายการนี้ยังไม่มีแท็ก
คุณยังไม่ได้ล็อกอิน คุณสามารถมีกิจกรรมร่วมกับเว็บไซต์ได้ แต่ต้องล็อกอินก่อน ::
  ล็อกอิน

รายการสื่อสารสนเทศ

ลำดับที่ ประเภท เลขเรียก/บาร์โค้ด สถานที่ สถานะ
1. งานวิจัย
งานวิจัย
วจ.WM172 ก318ร ฉ.1 
  Barcode: 001421
ห้องสมุดวิทยาเขตสวรรค์ประชารักษ์
►วิจัย
บนชั้น
2. งานวิจัย
งานวิจัย
วจ.WM172 ก318ร ฉ.2 
  Barcode: 001422
ห้องสมุดวิทยาเขตสวรรค์ประชารักษ์
►วิจัย
บนชั้น

BibComment


ยังไม่เคยถูกคอมเมนท์

คอมเมนท์ทรัพยากรรายการนี้
  คอมเมนท์: รายงานการวิจัยเช..


 Copyright 2026. Bcnsprnw @Library